Statistics for Coat of Arms of Countries in North America

Click here to take the quiz!

General Stats

  • This quiz has been taken 5 times
  • The average score is 21 of 42

Answer Stats

Answer% Correct
Canada
100%
Grenada
100%
Aruba
75%
Dominican Republic
75%
Montserrat
75%
Anguilla
50%
Antigua and Barbuda
50%
Barbados
50%
Belize
50%
Bermuda
50%
Bonaire
50%
Cayman Islands
50%
Costa Rica
50%
Cuba
50%
Curaçao
50%
Dominica
50%
El Salvador
50%
Greenland
50%
Guadeloupe
50%
Guatemala
50%
Haiti
50%
Honduras
50%
Jamaica
50%
Martinique
50%
Nicaragua
50%
Panama
50%
Puerto Rico
50%
Saint Kitts and Nevis
50%
Saint Lucia
50%
Saint Marten
50%
Saint Vincent and the Grenadines
50%
The Bahamas
50%
Trinidad and Tobago
50%
Turks and Caicos
50%
United States Virgin Islands
50%
USA
50%
British Virgin Islands
25%
Mexico
25%
Saba
25%
Saint Barthélemy
25%
Sint Eustatius
25%
Sint Maarten
25%

Score Distribution

Percentile by Number Answered

Percent of People with Each Score

Your Score History

You have not taken this quiz